Concise Dictionary of american biography
Wedi'i Gadw mewn:
| Fformat: | Llyfr |
|---|---|
| Iaith: | Undetermined |
| Cyhoeddwyd: |
New York, Estados Unidos
Charles Scribner´s Sons
1964
|
| Pynciau: | |
| Tagiau: |
Ychwanegu Tag
Dim Tagiau, Byddwch y cyntaf i dagio'r cofnod hwn!
|
MARC
| LEADER | 00000nam a2200000Ia 4500 | ||
|---|---|---|---|
| 008 | 170316s9999 xx 000 0 und d | ||
| 040 | |a cru BVZT | ||
| 090 | |a REF | ||
| 245 | |a Concise Dictionary of american biography | ||
| 260 | |a New York, Estados Unidos | ||
| 260 | |b Charles Scribner´s Sons | ||
| 260 | |c 1964 | ||
| 300 | |a 1274 páginas | ||
| 650 | |a REFERENCIA | ||
| 942 | |c REF | ||
| 999 | |c 14732 |d 14732 | ||
